01686cam a22003857a 4500003000500000005001700005008004100022010001000063011001000073035001000083040000900093090001000102100003700112245018700149260004100336300002200377502013300399590003700532590004100569590004100610590004100651590004200692650003900734650002100773650003100794650003800825901000700863905002600870942000900896949006200905949004900967999001701016952014001033952012701173CHAP20220329142634.0010920d2001 mx r 00110 spa d a85977 a86949 a97489 cCHAP aTesis00aBalderrama Paredes, Teresa9965700aEvaluación, experimentación y adopción campesina de sistemas de labranza para el cultivo de maíz en San Miguel Allende y Dolores Hidalgo, Gto.c/por Teresa Balderrama Paredes aChapingo, Méx. :bEl autor,c2002. a125 h. :bcuadros aTesis (M.C. en Agroforestería para el Desarrollo Sostenible) -- UACH. Centro de Agroforestería para el Desarrollo Sostenible aALEPHb10c20130110lUCH01h1447 aBATCH-UPDb10c20130110lUCH01h0712 aBATCH-UPDb10c20130410lUCH01h0358 aBATCH-UPDb10c20130914lUCH01h0527 aCONVERSIONb10c20130109lUCH01h134814aLabranza de conservación.96430814aLabranza.96430314aMaízxGuanajuato.97096914aSistemas de producción.9106767 aBK aAlejandra Carrasco M. cFOLL aTesisbBCcTESd33724000867131eTS2fc.2h39612i97489si aTesisbBCcTESd974891eTS1h39611i97489sb c85977d85977 00102local4053708TESISaBCbBCcPA_TESISd2019-12-31fTESISl0oTesisp33724000867131r2019-12-31 00:00:00tc.2w2019-12-31yTESIS 00102local4051708TESISaBCbBCcPA_TESISd2019-12-31fTESISl0oTesisp974891r2019-12-31 00:00:00w2019-12-31yTESIS